| 000 | 01259nam a2200325Ia 4500 | ||
|---|---|---|---|
| 001 | ebr10062749 | ||
| 003 | CaPaEBR | ||
| 006 | m u | ||
| 007 | cr cn||||||||| | ||
| 008 | 900316s1991 mdua sb 001 0 eng d | ||
| 010 | _z 90034928 | ||
| 020 | _z0203007344 | ||
| 020 | _z0389209309 | ||
| 040 |
_aCaPaEBR _cCaPaEBR |
||
| 035 | _a(OCoLC)646719917 | ||
| 050 | 1 | 4 |
_aJC71.P6 _bO64 1991eb |
| 082 | 0 | 4 |
_a321/.07 _220 |
| 100 | 1 | _aOphir, Adi. | |
| 245 | 1 | 0 |
_aPlato's invisible cities _h[electronic resource] : _bdiscourse and power in the Republic / _cAdi Ophir. |
| 260 |
_aSavage, Md. : _bBarnes & Noble, _c1991. |
||
| 300 |
_a211 p. : _bill. |
||
| 500 | _aRevision of the author's thesis (Ph. D.)--Boston University. | ||
| 504 | _aIncludes bibliographical references (p. 195-202) and index. | ||
| 533 |
_aElectronic reproduction. _bPalo Alto, Calif. : _cebrary, _d2009. _nAvailable via World Wide Web. _nAccess may be limited to ebrary affiliated libraries. |
||
| 600 | 0 | 0 |
_aPlato. _tRepublic. |
| 650 | 0 |
_aPolitical science _xPhilosophy. |
|
| 655 | 7 |
_aElectronic books. _2local |
|
| 710 | 2 | _aebrary, Inc. | |
| 856 | 4 | 0 |
_uhttp://site.ebrary.com/lib/rucke/Doc?id=10062749 _zAn electronic book accessible through the World Wide Web; click to view |
| 999 |
_c47135 _d47135 |
||